Представление документа в формате RUSMARC

ПолеНазваниеЗначение
  Тип записи a
  Библиографический уровень m
001 Контрольный номер 930e8d3d78db4e3a851ea78acd451b24
005 Дата корректировки 20150316165505.4
010 Индекс ISBN __
a ISBN 978-5-394-02193-0
101 Язык документа 0_
a Язык текста rus
102 Страна публикации __
a Страна публикации RU
200 Заглавие и сведения об ответственности 1_
a Заглавие Международный рынок консалтинговых услуг в России
e Сведения, относящиеся к заглавию учеб. пособие
b Общее обозначение материала Текст
f Первые сведения об ответственности Я. П. Сударьянто, А. В. Гуреев
210 Выходные данные 1_
d Дата издания 2013
c Издательство Дашков и К
a Место издания Москва
215 Физическое описание __
a Объем 238, [1] с.
610 Ключевые слова 0_
a Ключевые слова консалтинговые услуги
610 Ключевые слова 0_
a Ключевые слова маркетинг
610 Ключевые слова 0_
a Ключевые слова инновации
610 Ключевые слова 0_
a Ключевые слова учебное пособие
610 Ключевые слова 0_
a Ключевые слова международный рынок
686 Индексы других классификаций __
a Классификационный индекс 65.9(2)-968я73
2 Код системы rubbk
686 Индексы других классификаций __
a Классификационный индекс 65.9(2)8я73
2 Код системы rubbk
686 Индексы других классификаций __
a Классификационный индекс 65.206.11я73
2 Код системы rubbk
700 Автор _1
a Фамилия Сударьянто
b Имя Я.П.
g Полное личное имя Янто Приено
701 Альтернативная интеллектуальная ответственность _1
a Фамилия Гуреев
b Имя А.В.
g Полное личное имя Андрей Валерьевич
801 Источник записи _0
a Страна RU
b Организация РУК
c Дата составления 20140110
g Правила каталогизации PSBO
801 Источник записи _1
a Страна RU
b Организация РУК
c Дата составления 20140110
g Правила каталогизации PSBO
852 Данные о местонахождении __
j Шифр хранения ББК 65.9(2)
i Авторский знак С 89
901 Тип документа __
t Тип документа m
912 Принадлежность преподавателя к РУК __
a Принадлежность преподавателя к РУК преподаватель Головного вуза
938 Служебная информация __
a Название организации Головной вуз
b Имя БД BOOK
c Название АИБС АИБС ИРБИС